Quiz historyczno-geopolityczno-kulturalny - Statystyki

Ogólne statystyki
  • Ten quiz został rozwiązany 34 razy
  • Średni wynik to 9 z 14
Statystyki odpowiedzi
Pytanie Odpowiedź % Poprawnych
Stereotypowo jest utożsamiana z Cyganami Rumunia
93%
Z tego kraju pochodziła główna rywalka Justyny Kowalczyk - Marit Bjoergen Norwegia
79%
W tym kraju, polska piosenkarka Anna German, cieszy się dużą popularnością do dnia dzisiejszego Rosja
79%
Polacy są nazywani „Lachami” w tym kraju Ukraina
76%
Danie regionalne tego kraju, popularne również w Polsce,składa się głównie z ziemniaków Białoruś
69%
Danie narodowe tego kraju, podawana na zimno, popularne również w Polsce Litwa
69%
Władcy tego kraju zabijali wszystkich swoich braci podczas obejmowania tronu aż do początku XVII wieku Turcja
69%
Z tego kraju pochodziła jedna z najpopularniejszychjasnowidz - Baba Wanga Bułgaria
52%
Była premier tego kraju była wychowywana przezparę lesbijek Finlandia
52%
Prezydent tego kraju jest gejem Łotwa
48%
Mieszkają tam Gagauzi, czyli jedyny lud turkijski/turecki,który przyjął chrześcijaństwo Mołdawia
48%
Główny bohater gry Grand Theft Auto IV jest imigrantem z tego kraju Serbia
45%
6% populacji tego kraju, to Polacy Islandia
41%
Kraj ten, wraz z Turcją, nigdy nie uznał rozbiorów Polski Szwajcaria
38%
Nie znaleziono quizów pasujących do podanych kryteriów
Rozkład punktacji
Procent ludzi z każdym wynikiem
Percentyl według liczby udzielonych odpowiedzi
Twoja historia wyników
Nie rozwiązałeś tego quizu